000 00429nam a2200169Ia 4500
999 _c30587
_d30587
003 OSt
005 20250522172341.0
008 250310s9999||||xx |||||||||||||| ||und||
040 _c.
082 _a823.912
_bH6157
100 _94842
_aHeyer, Georgette
245 0 _aThe convenient marriage /
_cGeorgette Heyer
260 _aLondon :
_bHeinemann,
_c1934.
300 _a279 p.
650 0 _92474
_aEnglish fiction
942 _cBK
_2ddc